Dragon Ball Z : Dokkan Battle - Personnages sortis en 2020 - Statistiques

Statistiques générales
  • Ce quiz a été pris 138 fois
  • Le résultat moyen est 10 sur 15
Statistiques - réponses
Par images Réponse % Correct
Beerus
97%
Bardock
90%
Gotenks
86%
Boo/Boo (mal incarné)
85%
Gogeta
82%
Son Gohan (jeune)
82%
Janemba
81%
Whis
80%
Krillin
79%
Son Gohan Super Saiyan 2 (enfant)
79%
Vegetto
79%
Raditz
78%
Kefla
77%
Nappa/Vegeta
77%
Son Goku (Signes de l'Ultra Instinct)
77%
Tenshinhan
76%
Bojack
73%
Vados
73%
Gogeta Super Saiyan 4
71%
Freezer (forme finale) (ange)
68%
Goku Black (Super Saiyan Rosé)
67%
Trunks Super Saiyan (futur) & Mai (futur)
64%
Boo (Gotenks)
63%
Boo (Piccolo)
62%
Paikuhan
62%
Kaïo Shin & Kibito
54%
Son Goku Super Saiyan Divin SS (Kaioken)
52%
Son Goku & Vegeta (ange)
49%
Jiren (pleine puissance)
46%
Suu Shenron
45%
Vegeta Super Saiyan 2 (ange)
45%
Zangya
35%
Bardock & Gine
33%
Broly, Cheelai & Lemo
23%
Équipe Thalès
16%
Son Goku Super Saiyan Divin SS (Kaioken) & Vegeta Super Saiyan Divin SS évolué
10%
Aucun quiz correspondant
Distribution des résultats
% des personnes avec chaque résultat
Percentile par nombre de réponses
Votre historique - résultats
Vous n’avez pas pris ce quiz